000 00634nam a2200229Ia 4500
003 IT-RoPAU
008 120407s9999 xx 000 0 und d
040 _aIT-RoPAU
040 _cIT-RoPAU
041 _aita
100 _aNicola Abbagnano
245 _aCompendio di storia della filosofia
250 _aTorino
260 _aParavia
260 _c1945
300 _c19,5 cm
490 _aBiblioteca di Filosofia e Pedagogia
490 _v31
600 _a"1° v. Filosofia antica,patr. e scolast. 298 p. 2° v. Filosofia moderna fino a Kant 243 p. 3° v. Filosofia moderna dopo Kant. 258 p."
942 _cBK
999 _c380
_d380